Statistics for Spanish Food/Drink Words

Click here to take the quiz!

General Stats

  • This quiz has been taken 280 times
  • The average score is 19 of 25

Answer Stats

EspañolEnglish% Correct
CaféCoffee
97%
JamónHam
97%
LecheMilk
97%
QuesoCheese
96%
PanBread
95%
PizzaPizza
95%
CarneMeat
94%
HamburguesaHamburger
93%
Tea
92%
HuevoEgg
87%
SalSalt
85%
PimientaPepper
84%
HeladoIce Cream
78%
AzúcarSugar
78%
Chocolate CalienteHot Chocolate
77%
ChorizoSausage
75%
MantequillaButter
70%
PastelCake
68%
ZanahoriaCarrot
60%
PeraPear
56%
GalletaBiscuit/Cookie
55%
ChampiñónMushroom
52%
CarameloSweets/Candy
32%
PepinoCucumber
28%
MelocotónPeach
21%

Score Distribution

Percentile by Number Answered

Percent of People with Each Score

Your Score History

You have not taken this quiz